Eurowizja 2021 (Drugi półfinał) - Statystyki

Ogólne statystyki
  • Ten quiz został rozwiązany 87 razy
  • Średni wynik to 14 z 17
Statystyki odpowiedzi
Miejsce Państwo Punkty % Poprawnych
1. Szwajcaria 291
95%
14. Polska 35
94%
2. Islandia 288
87%
10. Albania 112
85%
17. Łotwa 14
85%
8. Serbia 124
85%
3. Bułgaria 250
82%
11. Dania 89
82%
5. Finlandia 234
82%
6. Grecja 184
82%
16. Gruzja 16
81%
7. Mołdawia 179
81%
9. San Marino 118
81%
13. Estonia 58
79%
4. Portugalia 239
79%
12. Austria 66
77%
15. Czechy 23
76%
Nie znaleziono quizów pasujących do podanych kryteriów
Rozkład punktacji
Procent ludzi z każdym wynikiem
Percentyl według liczby udzielonych odpowiedzi
Twoja historia wyników
Nie rozwiązałeś tego quizu